Datum a čas kvízu
10
Celkem bodů
Celkový počet nahraných bodů na tomto kvízu bez doplňovacích otázek.
8.
Pořadí na kvízu
Konečné umístění týmu na tomto kvízu.
Zaznamenané odpovědi
| # | Otázka | Odpověď | Body | Výsledky |
|---|---|---|---|---|
| 1. | Jistý zlomyslný muž odstranil... | v Brně | 0 | |
| 2. | Letiště Šin-Čitose na japonské... | nůžky | 1 | |
| 3. | Jeden z nejkrásnějších, ale té... | Jennifer Lopez, Ben Affleck | 0.5 | |
| 4. | Ve čtvrtek byla zahájena naše... | České Budějovice, 50. ročník | 0 | |
| 5. | Při fotbalovém zápase peruánsk... | močil (u rohového praporku) | 0 | |
| 6. | Historie Texasu je těsně spoje... | San Antonio | 0 | |
| 7. | Jak se jmenuje řeka, která tvo... | Rio Grande (Rio Bravo) | 0 | |
| 8. | V jižním cípu Texasu se nacház... | Boca Chica | 0 | |
| 9. | Jak se jmenuje hlavní město Te... | Austin | 0 | |
| 10. | Mezi několik známých osobností... | Eva Longoria, Zoufalé manželky | 0 |